| 000 | 01653cam a2200361 a 4500 | ||
|---|---|---|---|
| 999 |
_c3274 _d3274 |
||
| 001 | 15152632 | ||
| 005 | 20170529085619.0 | ||
| 008 | 080124s2008 enkab b 001 0 eng | ||
| 010 | _a 2008003211 | ||
| 020 | _a9780521858205 (hbk.) | ||
| 020 | _a0521858208 (hbk.) | ||
| 020 | _a9780521674959 (pbk.) | ||
| 020 | _a0521674956 (pbk.) | ||
| 035 | _a(OCoLC)ocn182563670 | ||
| 035 |
_a(OCoLC)182563670 _z(OCoLC)182563671 |
||
| 040 |
_aDLC _cDLC _dYDXCP _dBTCTA _dBAKER _dBWKUK _dBWK _dNLGGC _dBWX _dCDX _dDLC |
||
| 043 | _af-sj--- | ||
| 050 | 0 | 0 |
_aDT157.3 _b.C65 2008 |
| 082 | 0 | 0 |
_a962.404 _222 |
| 084 |
_a15.80 _2bcl |
||
| 100 | 1 |
_aCollins, Robert O., _d1933- _931136 |
|
| 245 | 1 | 2 |
_aA history of modern Sudan / _cRobert O. Collins. |
| 260 |
_aCambridge, UK ; _aNew York : _bCambridge University Press, _c2008. |
||
| 300 |
_axxiii, 331 p. : _bill., maps ; _c24 cm. |
||
| 504 | _aIncludes bibliographical references (p. 305-319) and index. | ||
| 651 | 0 |
_aSudan _xHistory _y1956- _91470 |
|
| 856 | 4 | 2 |
_3Contributor biographical information _uhttp://www.loc.gov/catdir/enhancements/fy0808/2008003211-b.html |
| 856 | 4 | 2 |
_3Publisher description _uhttp://www.loc.gov/catdir/enhancements/fy0808/2008003211-d.html |
| 856 | 4 | 1 |
_3Table of contents only _uhttp://www.loc.gov/catdir/enhancements/fy0808/2008003211-t.html |
| 856 | 4 | 2 |
_3Book review (H-Net) _uhttp://www.h-net.org/reviews/showrev.php?id=29849 |
| 906 |
_a7 _bcbc _corignew _d1 _eecip _f20 _gy-gencatlg |
||
| 942 |
_2lcc _cMONOGRAPH |
||